000 00432nam a2200145Ia 4500
003 OSt
005 20260122150403.0
008 211028s2015 xx 000 0 und d
040 _cAIMIT LIBRARY
041 _aeng
100 _aD Souza, Rayan Rahul; Kudthalkar, Ravi.
_g1316117
_97387
245 _aStudy on customer perception on Bata products and Bata outlets /
260 _aMangalore
_bRavi Kudthalkar.
_c2015
942 _2ddc
_cPRO
999 _c218957
_d218957